| 000 | 01046nam1a22002771i 4500 | ||
|---|---|---|---|
| 001 | v19\rc\1579548 | ||
| 005 | 20240723084708.0 | ||
| 035 | _a(NLR Aleph) 004706746 | ||
| 090 |
_a4143646 _c4143646 |
||
| 100 | _a20061002d1893 |||y0rusy50 ca | ||
| 101 | 0 | _arus | |
| 102 | _aRU | ||
| 105 | _a z ||||| | ||
| 200 | 1 |
_aЕстественно-историческое описание Рожественского имения наследников М.Г. Ушковой, находящегося в Сызранском уезде Симбирской губернии _e1- _fР. Ризположенский |
|
| 210 |
_aКазань _cтипо-лит. Ун-та _d1893 |
||
| 215 | _d25 | ||
| 700 | 1 |
_aРизположенский _bР.В. _gРафаил Васильевич |
|
| 702 | 1 |
_aУшкова _bМ.Г. _4570 |
|
| 801 | 0 |
_aRU _bNLR _gpsbo |
|
| 801 | 0 |
_aRU _bRuMoRGB _2psbo |
|
| 801 | 1 |
_aRU _bProSoft-M _2rusmarc |
|
| 852 |
_aNLR _j18.267.4.32 |
||
| 899 |
_aRuMoRGB _jA 206/1556 |
||
| 899 |
_aRuMoRGB _jA 153/287 |
||
| 899 | _aБАН | ||
| 942 | _cBOOK | ||